[Event "ENG-ch Senior Over 65"]
[Site "Kenilworth"]
[Date "2024.05.26"]
[Round "4.15"]
[White "Clare, Steve"]
[Black "De Coverly, Roger D"]
[Result "1/2-1/2"]
[WhiteElo "1765"]
[BlackElo "1901"]
[PlyCount "49"]
[EventDate "2024.05.24"]
[EventType "swiss"]
[EventRounds "7"]
[EventCountry "ENG"]

1. e4 e5 2. f4 Bc5 3. Nf3 d6 4. c3 Bb6 5. d4 exd4 6. cxd4 d5 7. e5 Ne7 8. Bb5+
Nbc6 9. O-O O-O 10. Bxc6 Nxc6 11. h3 Bf5 12. Nc3 Qd7 13. Kh2 Rae8 14. Be3 f6
15. Na4 fxe5 16. Nxb6 axb6 17. Nxe5 Nxe5 18. fxe5 Be4 19. Qe2 c6 20. Rxf8+ Rxf8
21. Rf1 Rxf1 22. Qxf1 Qf5 23. Qxf5 Bxf5 24. Kg3 Kf7 25. Kf4 1/2-1/2

[Event "ENG-ch Senior Over 65"]
[Site "Kenilworth"]
[Date "2024.05.26"]
[Round "4.16"]
[White "Hawkins, James N"]
[Black "Carpenter, David J"]
[Result "1-0"]
[WhiteElo "1930"]
[BlackElo "1635"]
[PlyCount "53"]
[EventDate "2024.05.24"]
[EventType "swiss"]
[EventRounds "7"]
[EventCountry "ENG"]

1. e4 g6 2. d4 Bg7 3. Nc3 d6 4. Be3 Nd7 5. Qd2 Ngf6 6. f3 e5 7. O-O-O O-O 8. d5
a6 9. g4 b5 10. Bh6 b4 11. Nce2 a5 12. h4 Ne8 13. Ng3 Bxh6 14. Qxh6 Qf6 15. Bg2
Nc5 16. N1e2 Qg7 17. Qd2 f6 18. Rdg1 Bd7 19. Bh3 c6 20. Nf5 Bxf5 21. gxf5 Kh8
22. dxc6 Qf7 23. Kb1 Ra6 24. fxg6 hxg6 25. Qh6+ Kg8 26. Rxg6+ Ng7 27. Rhg1 1-0

[Event "ENG-ch Senior Over 65"]
[Site "Kenilworth"]
[Date "2024.05.26"]
[Round "4.18"]
[White "Collins, Nigel"]
[Black "Norman, Dinah M"]
[Result "1/2-1/2"]
[WhiteElo "1602"]
[BlackElo "1823"]
[PlyCount "45"]
[EventDate "2024.05.24"]
[EventType "swiss"]
[EventRounds "7"]
[EventCountry "ENG"]

1. c4 e6 2. e4 d5 3. cxd5 exd5 4. exd5 Qxd5 5. Nc3 Qd8 6. Bc4 Nf6 7. Nf3 Qe7+
8. Qe2 Qxe2+ 9. Bxe2 Be7 10. O-O O-O 11. d4 c6 12. h3 Nbd7 13. Bc4 Nb6 14. Bb3
Bf5 15. Bf4 h6 16. Rfe1 Bb4 17. Rac1 Rad8 18. g4 Bh7 19. Red1 Bxc3 20. bxc3
Nbd5 21. Be3 Nxe3 22. fxe3 Nd5 23. Bxd5 1/2-1/2

[Event "ENG-ch Senior Over 65"]
[Site "Kenilworth"]
[Date "2024.05.26"]
[Round "4.19"]
[White "Harvey, John"]
[Black "Jerome, Stellio"]
[Result "1/2-1/2"]
[WhiteElo "1697"]
[BlackElo "1673"]
[PlyCount "94"]
[EventDate "2024.05.24"]
[EventType "swiss"]
[EventRounds "7"]
[EventCountry "ENG"]

1. c4 f5 2. Nf3 Nf6 3. Nc3 e6 4. e3 d6 5. d4 Be7 6. g3 O-O 7. Bg2 Qe8 8. O-O
Kh8 9. Re1 Ne4 10. Qc2 Qg6 11. Nxe4 fxe4 12. Nd2 d5 13. cxd5 exd5 14. Qxc7 Bd6
15. Qc2 Qh5 16. Nb3 Bh3 17. Bxh3 Qxh3 18. Qe2 Nd7 19. Nd2 Nf6 20. f4 exf3 21.
Nxf3 Ne4 22. Qg2 Qg4 23. Rf1 Rf6 24. Ne5 Qe6 25. Rxf6 Qxf6 26. Ng4 Qg5 27. Nf2
Qf5 28. Nxe4 dxe4 29. Bd2 Qb5 30. Bc3 Qd5 31. Rf1 b5 32. a3 a5 33. Ra1 b4 34.
axb4 axb4 35. Rxa8+ Qxa8 36. Be1 Qa1 37. Kf1 Qb1 38. Qe2 Qa2 39. Qc2 Qf7+ 40.
Bf2 Qe6 41. Qc6 h6 42. Be1 Qf5+ 43. Kg1 Bf8 44. Qb7 Qf3 45. Bf2 Qd1+ 46. Kg2
Qf3+ 47. Kf1 Qd1+ 1/2-1/2

[Event "ENG-ch Senior Over 65"]
[Site "Kenilworth"]
[Date "2024.05.26"]
[Round "4.20"]
[White "Robinson, Steve"]
[Black "Wall, Robert"]
[Result "1/2-1/2"]
[WhiteElo "1632"]
[BlackElo "1766"]
[PlyCount "72"]
[EventDate "2024.05.24"]
[EventType "swiss"]
[EventRounds "7"]
[EventCountry "ENG"]

1. Nc3 d5 2. e4 e6 3. Nf3 Nf6 4. e5 Nfd7 5. d4 c5 6. Be3 cxd4 7. Bxd4 Nc6 8.
Bb5 Nxd4 9. Nxd4 a6 10. Bxd7+ Bxd7 11. O-O Rc8 12. Qg4 Rc4 13. Nce2 f5 14. Qg3
Qb6 15. c3 Kf7 16. b3 Rc8 17. Rfe1 Bc5 18. Qf3 Qc7 19. Nxf5 exf5 20. Qxd5+ Be6
21. Qf3 Qc6 22. Nd4 Qxf3 23. Nxf3 h6 24. Nd4 Ba3 25. Nxe6 Kxe6 26. Rad1 Rhd8
27. f4 Rxd1 28. Rxd1 Rxc3 29. Rd8 Rc7 30. h3 Bc1 31. g3 Be3+ 32. Kg2 Bb6 33.
Rd6+ Ke7 34. Rxb6 Kd8 35. Rd6+ Ke7 36. Rg6 Kf7 1/2-1/2

[Event "ENG-ch Senior Over 65"]
[Site "Kenilworth"]
[Date "2024.05.27"]
[Round "5.1"]
[White "Large, Peter G"]
[Black "Chandler, Cliff R"]
[Result "1-0"]
[WhiteElo "2313"]
[BlackElo "2168"]
[PlyCount "79"]
[EventDate "2024.05.24"]
[EventType "swiss"]
[EventRounds "7"]
[EventCountry "ENG"]

1. Nf3 Nc6 2. e4 d6 3. d4 Bg4 4. c3 Nf6 5. Nbd2 e6 6. Bd3 Be7 7. O-O h6 8. Re1
O-O 9. h3 Bh5 10. Nf1 e5 11. d5 Nb8 12. Ng3 Bg6 13. Nh4 Nh7 14. Nhf5 Bh4 15.
Qg4 Bxg3 16. Nxg3 Qd7 17. Qe2 Qe7 18. c4 Nd7 19. Bd2 Qh4 20. Qg4 Qxg4 21. hxg4
Nhf6 22. f3 h5 23. gxh5 Nxh5 24. Nxh5 Bxh5 25. g4 Bg6 26. b4 f6 27. a4 Kf7 28.
a5 Rh8 29. Kg2 Rh4 30. Rh1 Rah8 31. Rxh4 Rxh4 32. Be3 a6 33. c5 Ke7 34. c6 bxc6
35. dxc6 Nb8 36. b5 axb5 37. a6 Nxa6 38. Rxa6 d5 39. Bc5+ Kf7 40. Bxb5 1-0

[Event "ENG-ch Senior Over 65"]
[Site "Kenilworth"]
[Date "2024.05.27"]
[Round "5.2"]
[White "Burnett, James"]
[Black "Littlewood, Paul E"]
[Result "0-1"]
[WhiteElo "2014"]
[BlackElo "2317"]
[PlyCount "70"]
[EventDate "2024.05.24"]
[EventType "swiss"]
[EventRounds "7"]
[EventCountry "ENG"]

1. d4 Nf6 2. c4 e6 3. Nf3 Bb4+ 4. Bd2 Qe7 5. Nc3 Bxc3 6. Bxc3 Ne4 7. Qc2 Nxc3
8. Qxc3 O-O 9. g3 d6 10. Bg2 Nd7 11. O-O e5 12. e3 e4 13. Nd2 Nf6 14. d5 Bf5
15. Nb3 Qd7 16. Nd4 Bh3 17. Rfd1 Rfe8 18. Ne2 Re5 19. Qe1 Bxg2 20. Kxg2 Rh5 21.
Nf4 Rh6 22. h4 Ng4 23. Qe2 g5 24. Ne6 Nxf2 25. hxg5 Rg6 26. Nxc7 Qxc7 27. Kxf2
Qe7 28. Rh1 Qxg5 29. Rag1 Rf6+ 30. Ke1 Rf3 31. Kd2 Rc8 32. Rh4 Rxc4 33. Rg4
Rd4+ 34. Kc3 Qxg4 35. Kxd4 Qf5 0-1

[Event "ENG-ch Senior Over 65"]
[Site "Kenilworth"]
[Date "2024.05.27"]
[Round "5.3"]
[White "Chapman, Terry PD"]
[Black "Snape, Ian L"]
[Result "1/2-1/2"]
[WhiteElo "2290"]
[BlackElo "2086"]
[PlyCount "39"]
[EventDate "2024.05.24"]
[EventType "swiss"]
[EventRounds "7"]
[EventCountry "ENG"]

1. Nf3 Nf6 2. c4 g6 3. g3 Bg7 4. Bg2 O-O 5. O-O d6 6. d4 Nc6 7. Nc3 Bf5 8. Ne1
e5 9. d5 Ne7 10. e4 Bg4 11. f3 Bd7 12. Nd3 Ne8 13. f4 f5 14. fxe5 dxe5 15. Bd2
Nd6 16. Qb3 b6 17. Rae1 fxe4 18. Rxf8+ Qxf8 19. Nxe4 Nef5 20. Rf1 1/2-1/2

[Event "ENG-ch Senior Over 65"]
[Site "Kenilworth"]
[Date "2024.05.27"]
[Round "5.4"]
[White "Bonafont, Philip R"]
[Black "Baker, Chris W"]
[Result "1/2-1/2"]
[WhiteElo "1986"]
[BlackElo "2218"]
[PlyCount "72"]
[EventDate "2024.05.24"]
[EventType "swiss"]
[EventRounds "7"]
[EventCountry "ENG"]

1. e4 e5 2. Nf3 Nc6 3. Bb5 a6 4. Ba4 Nf6 5. d3 b5 6. Bb3 Bc5 7. Nc3 d6 8. Nd5
h6 9. c3 O-O 10. Nxf6+ Qxf6 11. Bd5 Bd7 12. Rg1 Ne7 13. Bxa8 Rxa8 14. Be3 Ng6
15. Qd2 Bg4 16. O-O-O Nh4 17. Nxh4 Bxd1 18. Nf5 Bg4 19. Ng3 Be6 20. Kb1 Qh4 21.
h3 Bxe3 22. Qxe3 c5 23. Rc1 Re8 24. Qf3 g6 25. Nf1 c4 26. dxc4 Bxc4 27. Rd1 Re6
28. Qe3 Bxf1 29. Rxf1 Qf4 30. Qxf4 exf4 31. f3 Kf8 32. Rd1 Ke7 33. Kc2 Kd7 34.
b4 Kc6 35. Rd2 Re5 36. Kb3 g5 1/2-1/2

[Event "ENG-ch Senior Over 65"]
[Site "Kenilworth"]
[Date "2024.05.27"]
[Round "5.5"]
[White "Stokes, Mike R"]
[Black "Moore, Geoffrey R"]
[Result "1/2-1/2"]
[WhiteElo "1968"]
[BlackElo "2014"]
[PlyCount "97"]
[EventDate "2024.05.24"]
[EventType "swiss"]
[EventRounds "7"]
[EventCountry "ENG"]

1. e4 c5 2. d4 cxd4 3. c3 Nf6 4. e5 Nd5 5. Nf3 d6 6. exd6 Qxd6 7. Qxd4 Nc6 8.
Bb5 Bd7 9. Bxc6 bxc6 10. Na3 f6 11. O-O e5 12. Re1 Be7 13. Nc4 O-O 14. Qd3 Qc7
15. Bd2 Rad8 16. Rad1 Bg4 17. Qe4 Bh5 18. Bc1 Bg6 19. Qe2 Bf7 20. Qe4 Qc8 21.
Nh4 Rfe8 22. Ne3 Nxe3 23. Bxe3 Rxd1 24. Rxd1 Bxa2 25. Nf5 Be6 26. Nxe7+ Rxe7
27. Ra1 Bd5 28. Qh4 Qf5 29. Qb4 Rd7 30. f3 e4 31. f4 Qg4 32. Qb8+ Kf7 33. Rxa7
Rxa7 34. Qxa7+ Kg6 35. Qd4 Qe2 36. Qd2 Qc4 37. g4 f5 38. Qg2 Qd3 39. gxf5+ Kxf5
40. Qg5+ Ke6 41. Qe5+ Kf7 42. Qh5+ Ke6 43. Qe8+ Kf5 44. Qe5+ Kg6 45. Qg5+ Kf7
46. Qf5+ Ke8 47. Qc8+ Kf7 48. Qd7+ Kg6 49. Qg4+ 1/2-1/2

[Event "ENG-ch Senior Over 65"]
[Site "Kenilworth"]
[Date "2024.05.27"]
[Round "5.6"]
[White "Jackson, Sheila"]
[Black "Spanton, Tim R"]
[Result "1/2-1/2"]
[WhiteElo "2010"]
[BlackElo "1902"]
[PlyCount "53"]
[EventDate "2024.05.24"]
[EventType "swiss"]
[EventRounds "7"]
[EventCountry "ENG"]

1. e4 e5 2. Nf3 Nc6 3. Bb5 Nf6 4. O-O Nxe4 5. d4 Nd6 6. Bxc6 dxc6 7. dxe5 Nf5
8. Qxd8+ Kxd8 9. Rd1+ Ke8 10. Bg5 Be7 11. Nc3 h6 12. Bxe7 Nxe7 13. h3 Ng6 14.
Rd2 Ke7 15. Re1 Be6 16. b3 Rad8 17. Na4 Rxd2 18. Nxd2 Rd8 19. Nf3 Bf5 20. c4 b6
21. Kh2 a6 22. g4 Be6 23. Re3 h5 24. Kg3 Rh8 25. Nd4 hxg4 26. hxg4 c5 27. Nf3
1/2-1/2

[Event "ENG-ch Senior Over 65"]
[Site "Kenilworth"]
[Date "2024.05.27"]
[Round "5.7"]
[White "Moore, John C"]
[Black "Hutchinson, Paul A"]
[Result "0-1"]
[WhiteElo "1950"]
[BlackElo "1970"]
[PlyCount "62"]
[EventDate "2024.05.24"]
[EventType "swiss"]
[EventRounds "7"]
[EventCountry "ENG"]

1. e4 d6 2. Nc3 Nf6 3. g3 g6 4. Bg2 Bg7 5. d3 O-O 6. f4 Nc6 7. Nf3 e5 8. O-O h6
9. a4 Be6 10. h3 Kh7 11. Kh2 Ng8 12. Be3 Nd4 13. Bxd4 exd4 14. Ne2 c5 15. g4
Bd7 16. Ng3 Bc6 17. Qd2 Qe7 18. b3 Rae8 19. Rae1 Qd8 20. g5 f6 21. h4 Ne7 22.
h5 fxg5 23. fxg5 Bd7 24. hxg6+ Nxg6 25. Nh5 Bh8 26. gxh6 Be5+ 27. Nxe5 Qh4+ 28.
Kg1 Nxe5 29. Ng7 Ng4 30. Bh1 Ne3 31. Nxe8 Nxf1 0-1

[Event "ENG-ch Senior Over 65"]
[Site "Kenilworth"]
[Date "2024.05.27"]
[Round "5.8"]
[White "Punnett, Alan K"]
[Black "Dennis, Nigel W"]
[Result "1-0"]
[WhiteElo "1963"]
[BlackElo "1892"]
[PlyCount "41"]
[EventDate "2024.05.24"]
[EventType "swiss"]
[EventRounds "7"]
[EventCountry "ENG"]

1. e4 c5 2. Nf3 d6 3. Bb5+ Bd7 4. Bxd7+ Qxd7 5. O-O Nc6 6. c3 Nf6 7. d4 cxd4 8.
cxd4 e5 9. Nc3 exd4 10. Nxd4 Nxd4 11. Qxd4 Be7 12. Rd1 a6 13. Bf4 Rd8 14. e5
dxe5 15. Qxe5 Qe6 16. Qc7 Nd5 17. Nxd5 Rxd5 18. Rxd5 Qxd5 19. Re1 Qd8 20. Qxb7
a5 21. Bc7 1-0

[Event "ENG-ch Senior Over 65"]
[Site "Kenilworth"]
[Date "2024.05.27"]
[Round "5.9"]
[White "Wager, John D"]
[Black "Bray, Dave J"]
[Result "1-0"]
[WhiteElo "2020"]
[BlackElo "1963"]
[PlyCount "83"]
[EventDate "2024.05.24"]
[EventType "swiss"]
[EventRounds "7"]
[EventCountry "ENG"]

1. d4 Nf6 2. Nf3 e6 3. g3 d5 4. Bg2 Be7 5. O-O O-O 6. c4 c6 7. Nc3 Nbd7 8. b3
b6 9. a4 Bb7 10. Ba3 Bxa3 11. Rxa3 Qe7 12. Ra2 Qb4 13. Qa1 dxc4 14. bxc4 Qxc4
15. Rc1 Qb4 16. a5 Qd6 17. a6 Bc8 18. e3 Nd5 19. e4 Nb4 20. e5 Qe7 21. Ra3 Rb8
22. Ne4 c5 23. Nd6 cxd4 24. Qxd4 Nd5 25. Nd2 Nc5 26. N2e4 Bxa6 27. Nxc5 bxc5
28. Qa1 Nb4 29. Rxc5 f6 30. Bh3 fxe5 31. Qxe5 Rf6 32. Ne4 Rb6 33. Rxa6 Nxa6 34.
Nxf6+ gxf6 35. Rc8+ Kg7 36. Qe2 Qf7 37. Bf1 Qg6 38. h4 Qf5 39. Kh2 e5 40. Bh3
Qg6 41. Qf3 e4 42. Qf4 1-0

[Event "ENG-ch Senior Over 65"]
[Site "Kenilworth"]
[Date "2024.05.27"]
[Round "5.10"]
[White "Norman, Kenneth I"]
[Black "Hughes, Roy"]
[Result "1-0"]
[WhiteElo "2116"]
[BlackElo "1988"]
[PlyCount "124"]
[EventDate "2024.05.24"]
[EventType "swiss"]
[EventRounds "7"]
[EventCountry "ENG"]

1. Nf3 d5 2. g3 g6 3. Bg2 c6 4. d4 Bg7 5. c4 dxc4 6. Na3 c5 7. Qa4+ Nc6 8. Nxc4
Bd7 9. dxc5 Nd4 10. Qd1 Bc6 11. O-O Nxf3+ 12. Bxf3 Bxf3 13. exf3 Nf6 14. Qa4+
Qd7 15. Qb3 O-O 16. Rd1 Qc7 17. Be3 Nd7 18. Qb5 Rfd8 19. Rac1 a6 20. Qb4 Ne5
21. Nxe5 Bxe5 22. b3 Rac8 23. Kg2 Bb2 24. Rxd8+ Rxd8 25. Rc2 Bf6 26. Qc4 Qc6
27. a4 Rd5 28. Rd2 Rf5 29. Qe4 Qc8 30. Rd5 Rxd5 31. Qxd5 e6 32. Qe4 Qd7 33. Qf4
Kg7 34. h4 h5 35. Qe4 Bc3 36. Qc4 Bf6 37. Qc2 a5 38. Bd2 Qc7 39. Bc3 e5 40. Qd2
Bd8 41. Qd5 f6 42. Bd2 Be7 43. Be3 Bf8 44. f4 exf4 45. Bxf4 Qxc5 46. Qxb7+ Be7
47. Qb5 Kf7 48. Bd2 Qxb5 49. axb5 Bd8 50. Kf3 Ke6 51. Ke4 Kd6 52. Be3 Bc7 53.
Bf4+ Kd7 54. Kd5 Bb6 55. Be3 Kc7 56. Bc5 g5 57. f4 gxh4 58. gxh4 Kb7 59. f5 Bc7
60. Bd4 Bd8 61. Ke6 Bc7 62. Bxf6 Kb6 1-0

[Event "ENG-ch Senior Over 65"]
[Site "Kenilworth"]
[Date "2024.05.27"]
[Round "5.11"]
[White "Page, Mark Edward"]
[Black "Bellers, Chris JV"]
[Result "1/2-1/2"]
[WhiteElo "2042"]
[BlackElo "1926"]
[PlyCount "103"]
[EventDate "2024.05.24"]
[EventType "swiss"]
[EventRounds "7"]
[EventCountry "ENG"]

1. e4 g6 2. d4 Bg7 3. Nc3 c5 4. dxc5 Bxc3+ 5. bxc3 Qa5 6. Ne2 Nc6 7. Be3 Nf6 8.
f3 b6 9. cxb6 axb6 10. Qd2 Ba6 11. Nd4 Ne5 12. Nb3 Qa4 13. Qd4 Bxf1 14. Rxf1
Nc4 15. Bh6 e5 16. Qd3 Ke7 17. Bg5 h6 18. Bxf6+ Kxf6 19. Kf2 Kg7 20. Kg1 Qc6
21. Rfd1 Rhd8 22. Qe2 d5 23. exd5 Rxd5 24. Rxd5 Qxd5 25. a4 Rd8 26. Kf2 Nb2 27.
Ke1 Ra8 28. Qb5 Qxb5 29. axb5 Rxa1+ 30. Nxa1 Nc4 31. Ke2 Na3 32. Kd3 Nxb5 33.
Kc4 Nc7 34. Kb4 Kf6 35. c4 Ke6 36. Nb3 f5 37. c5 Nd5+ 38. Kb5 bxc5 39. c4 Ne3
40. Kxc5 Nxg2 41. Kb6 Ne3 42. c5 Nd5+ 43. Kb7 e4 44. fxe4 fxe4 45. c6 Kd6 46.
Nd2 e3 47. Nc4+ Ke7 48. c7 Nxc7 49. Nxe3 Ne6 50. Kc6 Nf4 51. Kc5 Ke6 52. Kd4
1/2-1/2

[Event "ENG-ch Senior Over 65"]
[Site "Kenilworth"]
[Date "2024.05.27"]
[Round "5.12"]
[White "Myall, Ivan J"]
[Black "Erdogan, Hassan"]
[Result "1/2-1/2"]
[WhiteElo "1933"]
[BlackElo "1877"]
[PlyCount "161"]
[EventDate "2024.05.24"]
[EventType "swiss"]
[EventRounds "7"]
[EventCountry "ENG"]

1. d4 d6 2. e4 Nd7 3. f4 e5 4. Nf3 exd4 5. Qxd4 Ngf6 6. Nc3 Be7 7. Be3 O-O 8.
Qd2 c6 9. Bd3 Qc7 10. h3 b5 11. a3 a5 12. O-O Bb7 13. Qf2 b4 14. Ne2 c5 15. Nd2
Rfe8 16. Ng3 d5 17. e5 d4 18. Bxd4 cxd4 19. exf6 Nxf6 20. Nf5 Rad8 21. Nxe7+
Rxe7 22. axb4 axb4 23. Rae1 Rxe1 24. Rxe1 Nd5 25. Qh4 Nf6 26. b3 h6 27. Nc4 Nd5
28. Rf1 Ba6 29. Qf2 Bxc4 30. bxc4 Ne3 31. Rb1 Qc5 32. Kh1 Nxc4 33. Qe1 Rb8 34.
Qe4 g6 35. f5 gxf5 36. Qf4 Qe5 37. Qxh6 Ne3 38. Qg5+ Qg7 39. Qxg7+ Kxg7 40. Kg1
Kf6 41. Kf2 Ke5 42. Ra1 b3 43. Ra5+ Kf6 44. cxb3 Rxb3 45. Ba6 Rb2+ 46. Kf3 Nxg2
47. Bc8 Nh4+ 48. Kf4 Ng6+ 49. Kg3 Rb3+ 50. Kg2 Ne5 51. h4 Rb6 52. Rd5 Rc6 53.
Bb7 Rc2+ 54. Kg3 d3 55. Rd6+ Ke7 56. Rd5 Ke6 57. Rd4 d2 58. Bd5+ Kf6 59. Kf4
Rb2 60. Bf3 Ng6+ 61. Ke3 Rb3+ 62. Kf2 Ne5 63. Be2 Rb2 64. Kg3 Ng6 65. h5 Ke5
66. Rd8 Rb3+ 67. Kf2 Nf4 68. h6 Rh3 69. Bd1 Rxh6 70. Kg3 Rh3+ 71. Kf2 Nd5 72.
Kg2 Re3 73. Kf2 Re1 74. Re8+ Kf4 75. Rxe1 dxe1=Q+ 76. Kxe1 Ke3 77. Bb3 Kd4 78.
Kf2 f6 79. Kf3 Ke5 80. Kf2 f4 81. Bc4 1/2-1/2

[Event "ENG-ch Senior Over 65"]
[Site "Kenilworth"]
[Date "2024.05.27"]
[Round "5.13"]
[White "Hutchinson, Norman A"]
[Black "Selley, Susan A"]
[Result "1-0"]
[WhiteElo "1952"]
[BlackElo "1621"]
[PlyCount "95"]
[EventDate "2024.05.24"]
[EventType "swiss"]
[EventRounds "7"]
[EventCountry "ENG"]

1. e4 d6 2. d4 g6 3. c3 Bg7 4. f4 b6 5. Bb5+ c6 6. Bd3 Nf6 7. Nf3 O-O 8. O-O
Bb7 9. Qe2 e6 10. Kh1 c5 11. Nbd2 a6 12. e5 Nd5 13. Ne4 dxe5 14. fxe5 cxd4 15.
cxd4 Nb4 16. Nd6 Bd5 17. Ng5 f5 18. Bc4 Qe7 19. a3 Bxc4 20. Qxc4 Nd5 21. Bd2 b5
22. Qb3 Nc6 23. Nf3 Na7 24. Bb4 Nxb4 25. axb4 Nc6 26. Qc3 Qd7 27. Rfc1 Ne7 28.
Qb3 Nc8 29. Nxc8 Rfxc8 30. Rxc8+ Qxc8 31. Ng5 Kh8 32. Qxe6 Qxe6 33. Nxe6 Bh6
34. d5 Bg7 35. Nxg7 Kxg7 36. Rc1 Kf8 37. d6 Rd8 38. Rc7 h5 39. h4 f4 40. Rh7
Kg8 41. Ra7 Kf8 42. Rxa6 Kf7 43. Ra7+ Ke6 44. Re7+ Kd5 45. d7 Kc6 46. e6 Kd6
47. Re8 Kc7 48. Kh2 1-0

[Event "ENG-ch Senior Over 65"]
[Site "Kenilworth"]
[Date "2024.05.27"]
[Round "5.14"]
[White "De Coverly, Roger D"]
[Black "Collins, Nigel"]
[Result "1-0"]
[WhiteElo "1901"]
[BlackElo "1602"]
[PlyCount "65"]
[EventDate "2024.05.24"]
[EventType "swiss"]
[EventRounds "7"]
[EventCountry "ENG"]

1. e4 c5 2. Nf3 d6 3. d4 cxd4 4. Nxd4 Nf6 5. Nc3 a6 6. Bg5 e6 7. Qe2 Be7 8. h4
Nbd7 9. O-O-O Qc7 10. g4 b5 11. a3 Rb8 12. Bxf6 Nxf6 13. Bg2 b4 14. axb4 Rxb4
15. e5 Qa5 16. Kb1 Qxe5 17. Qd3 Bb7 18. Bxb7 Rxb7 19. Qxa6 Rd7 20. g5 Nd5 21.
Nxd5 Qxd5 22. Nc6 Qc5 23. b4 Qc3 24. Rd3 Qxd3 25. Qxd3 O-O 26. Nxe7+ Rxe7 27.
Qxd6 Ra7 28. Rd1 h6 29. g6 fxg6 30. Qxe6+ Kh7 31. Rd7 Rfa8 32. Rxa7 Rxa7 33. b5
1-0

[Event "ENG-ch Senior Over 65"]
[Site "Kenilworth"]
[Date "2024.05.27"]
[Round "5.15"]
[White "Goodwin, Ed H"]
[Black "Clare, Steve"]
[Result "1/2-1/2"]
[WhiteElo "1898"]
[BlackElo "1765"]
[PlyCount "113"]
[EventDate "2024.05.24"]
[EventType "swiss"]
[EventRounds "7"]
[EventCountry "ENG"]

1. d4 f5 2. Nc3 Nf6 3. Bg5 e6 4. e4 fxe4 5. Nxe4 Be7 6. Bxf6 Bxf6 7. Nf3 d5 8.
Nxf6+ Qxf6 9. Bd3 Nc6 10. O-O O-O 11. Bb5 Bd7 12. Bxc6 Bxc6 13. Qd2 Qf4 14.
Qxf4 Rxf4 15. Rfe1 Re8 16. c3 h6 17. Ne5 g5 18. f3 Kg7 19. Re3 h5 20. Rae1 Rf6
21. b3 Kf8 22. Ra1 Ke7 23. a4 Kd6 24. Rae1 Bd7 25. c4 c6 26. c5+ Kc7 27. Nd3 b6
28. cxb6+ axb6 29. Rc1 Kd6 30. Ne5 Rc8 31. Nd3 c5 32. dxc5+ bxc5 33. Nf2 Kc6
34. Rec3 Kb6 35. Nd3 c4 36. bxc4 Bxa4 37. cxd5 Rxc3 38. Rxc3 exd5 39. Kf2 Rd6
40. Rc8 Kb5 41. Ke3 Re6+ 42. Kd4 Re2 43. Rc5+ Kb6 44. Rxd5 Rxg2 45. h4 g4 46.
Rxh5 gxf3 47. Ke3 Bc6 48. Nf2 Rg8 49. Kf4 Rf8+ 50. Rf5 Re8 51. h5 Re2 52. Kg3
Re6 53. Rg5 Kc7 54. Rg6 Rxg6+ 55. hxg6 Kd7 56. Ng4 Ke7 57. Nh2 1/2-1/2

[Event "ENG-ch Senior Over 65"]
[Site "Kenilworth"]
[Date "2024.05.27"]
[Round "5.16"]
[White "Jerome, Stellio"]
[Black "Neatherway, A Philip"]
[Result "0-1"]
[WhiteElo "1673"]
[BlackElo "1831"]
[PlyCount "96"]
[EventDate "2024.05.24"]
[EventType "swiss"]
[EventRounds "7"]
[EventCountry "ENG"]

1. f4 d5 2. e3 Nf6 3. Nf3 Bg4 4. Be2 Bxf3 5. Bxf3 g6 6. c4 c6 7. cxd5 cxd5 8.
Nc3 Nc6 9. Qb3 e6 10. Qxb7 Rc8 11. O-O Be7 12. Nb5 a5 13. b3 O-O 14. Bb2 Nb4
15. Be5 Nd3 16. Na7 Nxe5 17. fxe5 Rc7 18. Qa6 Qa8 19. exf6 Rxa7 20. Qe2 Bxf6
21. d4 Bg7 22. Rac1 Rc8 23. Qd2 Rac7 24. Rxc7 Rxc7 25. Rc1 Qc8 26. Rxc7 Qxc7
27. g3 Bf8 28. Bd1 Bb4 29. Qc2 Qe7 30. Kg2 h5 31. h3 h4 32. g4 Bd6 33. e4 dxe4
34. Qxe4 Qg5 35. Kf3 Qd2 36. Be2 Qe1 37. Ke3 Bb4 38. Qf3 Qd2+ 39. Kf2 Qxd4+ 40.
Qe3 Qd6 41. Kg2 Bc5 42. Qd3 Qe5 43. Bf1 Kg7 44. Qf3 Qd4 45. Qe2 Qg1+ 46. Kf3
Qg3+ 47. Ke4 f5+ 48. gxf5 gxf5# 0-1

[Event "ENG-ch Senior Over 65"]
[Site "Kenilworth"]
[Date "2024.05.27"]
[Round "5.17"]
[White "Morris, Nigel W"]
[Black "Fleming, Andrew SJ"]
[Result "0-1"]
[WhiteElo "1637"]
[BlackElo "1905"]
[PlyCount "56"]
[EventDate "2024.05.24"]
[EventType "swiss"]
[EventRounds "7"]
[EventCountry "ENG"]

1. c4 e6 2. Nc3 d5 3. e3 Nf6 4. g3 Be7 5. Bg2 O-O 6. b3 c6 7. Nf3 Nbd7 8. d4 b6
9. O-O Ba6 10. Nd2 e5 11. dxe5 Nxe5 12. Qc2 dxc4 13. bxc4 Nxc4 14. Bxc6 Rc8 15.
Nxc4 Rxc6 16. Ne5 Rc5 17. Rd1 Qc7 18. Qa4 Ra5 19. Qd4 Qxe5 20. Qxe5 Rxe5 21.
Bb2 Rc5 22. Ba3 Rc7 23. Bxe7 Rxe7 24. Rd2 Rc8 25. Nd5 Nxd5 26. Rxd5 Bb7 27. Rd2
Bf3 28. Rb1 Rec7 0-1

[Event "ENG-ch Senior Over 65"]
[Site "Kenilworth"]
[Date "2024.05.27"]
[Round "5.18"]
[White "Norman, Dinah M"]
[Black "Harvey, John"]
[Result "0-1"]
[WhiteElo "1823"]
[BlackElo "1697"]
[PlyCount "146"]
[EventDate "2024.05.24"]
[EventType "swiss"]
[EventRounds "7"]
[EventCountry "ENG"]

1. d4 Nf6 2. Nf3 e6 3. Bg5 d5 4. e3 Be7 5. c3 Nbd7 6. Nbd2 h6 7. Bf4 O-O 8. Ne5
c5 9. h3 Nxe5 10. Bxe5 Bd6 11. Nf3 a6 12. a4 c4 13. Be2 Rb8 14. O-O Ne4 15. Qc2
b6 16. Bxc4 Nxf2 17. Qxf2 dxc4 18. Qg3 Bxe5 19. Qxe5 Bb7 20. e4 Qd7 21. Nd2 Qc6
22. Qg3 Ra8 23. Rf6 Kh8 24. Rf2 b5 25. a5 Rad8 26. Qe3 Qc7 27. e5 Kg8 28. Ne4
Bxe4 29. Qxe4 b4 30. cxb4 Rb8 31. Qe1 Rfd8 32. Qc3 Rdc8 33. Raf1 Rf8 34. b3 Qb7
35. Qxc4 Qxb4 36. Qxa6 Qxd4 37. Qe2 Rxb3 38. Rd1 Qa7 39. a6 Rfb8 40. Qc2 Rb2
41. Rd8+ Rxd8 42. Qxb2 Qxa6 43. Kh2 Qd3 44. Qb7 Rd7 45. Qc8+ Kh7 46. Qc2 Qxc2
47. Rxc2 Kg6 48. Re2 Kf5 49. g3 h5 50. Kg2 g5 51. Kh2 Rd5 52. Rf2+ Kxe5 53.
Rxf7 Ke4 54. Kg2 Rd2+ 55. Kg1 e5 56. Rf6 g4 57. hxg4 hxg4 58. Rf7 Ke3 59. Rf5
Ke4 60. Rf6 Rd3 61. Kg2 Rf3 62. Rg6 Kf5 63. Rg8 e4 64. Rf8+ Ke5 65. Rg8 e3 66.
Re8+ Kd4 67. Rd8+ Kc3 68. Re8 Kd2 69. Rd8+ Ke1 70. Rd4 Rf2+ 71. Kg1 Rd2 72.
Rxg4 e2 73. Re4 Kd1 0-1

[Event "ENG-ch Senior Over 65"]
[Site "Kenilworth"]
[Date "2024.05.27"]
[Round "6.1"]
[White "Hutchinson, Paul A"]
[Black "Large, Peter G"]
[Result "1-0"]
[WhiteElo "1970"]
[BlackElo "2313"]
[PlyCount "115"]
[EventDate "2024.05.24"]
[EventType "swiss"]
[EventRounds "7"]
[EventCountry "ENG"]

1. d4 Nf6 2. Nf3 e6 3. Bf4 b6 4. e3 Bb7 5. Nbd2 Be7 6. Bd3 Nh5 7. Bg3 d6 8. c3
Nd7 9. b4 a6 10. c4 g6 11. Nb3 O-O 12. Be2 c5 13. a3 Rc8 14. Rc1 Nxg3 15. hxg3
Nf6 16. Kf1 Kg7 17. Ne1 Ne4 18. Nd3 cxd4 19. Nxd4 Qd7 20. Bf3 b5 21. Bxe4 Bxe4
22. c5 Qb7 23. Rh2 Bxd3+ 24. Qxd3 dxc5 25. bxc5 Rfd8 26. Qc3 e5 27. Nf5+ gxf5
28. Qxe5+ Bf6 29. Qxf5 Qd5 30. Qg4+ Qg5 31. Qb4 Qf5 32. Kg1 Rxc5 33. Rf1 Rc4
34. Qa5 Ra4 35. Qb6 Rd2 36. g4 Qxg4 37. Rh3 Be5 38. Qh6+ Kg8 39. Qxh7+ Kf8 40.
Rf3 Qg7 41. Qf5 Rc4 42. Rh3 Kg8 43. Rh5 Bf6 44. Qf3 Rg4 45. Rc5 Rd6 46. Rfc1
Qg6 47. Rc8+ Kh7 48. Rf8 Rh4 49. g3 Rh5 50. Kg2 Re6 51. Rc7 Rf5 52. Rfxf7+ Kh6
53. Rh7+ Kg5 54. Qe2 Be5 55. f4+ Bxf4 56. Rcg7 Rxe3 57. Qh5+ Kf6 58. Qxg6+ 1-0